Statistiken für Flächenmässig grösste Gemeinden im Kanton Fribourg

Klicken Sie hier um das Quiz zu spielen!

Allgemein

  • Dieses Quiz wurde 9 mal gespielt
    (6 seit der letzten Aktualisierung)
  • Das Durchschnittsergebnis liegt bei 5 aus 15

Antwortstatistiken

Fläche km²BezirkGemeinde% Korrekt
30.76Sense/SingineDüdingen
100%
36.41See/LacMurten
100%
55.21Gruyère/GreyerzJaun
80%
40.12BroyeEstavayer
60%
66.53Sense/SinginePlaffeien
60%
47.93Veveyse/VivisbachChâtel-Saint-Denis
40%
28.44Gruyère/GreyerzGruyères
40%
41.35Sense/SingineTafers
40%
112.07Gruyère/GreyerzVal-de-Charmey
20%
33.34Gruyère/GreyerzBas-Intyamon
0%
25.79BroyeBelmont-Broye
0%
36.06Sarine/SaaneGibloux
0%
24.32Gruyère/GreyerzGrandvillard
0%
60.27Gruyère/GreyerzHaut-Intyamon
0%
29.36Veveyse/VivisbachSemsales
0%

Verteilung der Resultate

Perzentil nach korrekt beantworteten Fragen

Anzahl Personen mit jedem Resultat

Ihre Resultats-Entwicklung

Sie haben dieses Quiz seit der letzten Aktualisierung nicht gespielt